000 00980nam a2200241 a 4500
001 74241
003 BD-RjUL
005 20211209082523.0
008 180412r20122007ii ||||| b||| 001 0 ben d
020 _a9789380036472
_cRs.130.00
035 _a(BD-RjUL)74459
040 _aBD-RjUL
_beng
_cBD-RjUL
041 _aben
082 _223
_a323.40954
_bRAM 2012
100 1 _aরায়, সিদ্ধার্থ গুহ
_9221120
245 1 0 _aমানবাধিকার ও গনতান্ত্রিক অধিকার : ঐতিহাসিক প্রেক্ষাপট /
_cসিদ্ধার্থ গুহ রায়,
260 _aকলকাতা :
_bমিত্রম ,
_c২০১২
300 _a১৮১ পৃ. ;
_c২২ সেমি.
504 _aগ্রন্থপঞ্জি সংযোজিত
650 _aমানবাধিকার
_zভারত
_9221121
650 _aHuman rights
_zIndia
_9221122
942 _2ddc
_cBK
999 _c74241
_d74241